[Event "4NCL/Div2c/JUTK vs. GUI3"]
[Site "Hinckley Island ENG"]
[Date "2009.03.22"]
[Round "8.7"]
[White "Rice, Chris"]
[Black "Hill, David F"]
[Result "1-0"]
[WhiteElo "2120"]
[BlackElo "2064"]
[PlyCount "27"]
[EventDate "2009.03.22"]
[EventCountry "ENG"]
[SourceDate "2008.10.04"]

1. c4 e6 2. g3 d5 3. Bg2 dxc4 4. Nf3 a6 5. Nc3 c5 6. Ne5 Nd7 7. Nxc4 Rb8 8. a4
b6 9. d4 Bb7 10. d5 Ndf6 11. e4 exd5 12. exd5 Ne7 13. Bf4 Ra8 14. Nd6+ 1-0

[Event "4NCL/Div2c/JUTK vs. GUI3"]
[Site "Hinckley Island ENG"]
[Date "2009.03.22"]
[Round "8.8"]
[White "Hunt, Daniel"]
[Black "Wilson, Alexandra"]
[Result "1/2-1/2"]
[WhiteElo "1917"]
[BlackElo "2039"]
[PlyCount "46"]
[EventDate "2009.03.22"]
[EventCountry "ENG"]
[SourceDate "2008.10.04"]

1. e4 e6 2. d4 d5 3. Nc3 Nf6 4. Bg5 Be7 5. e5 Nfd7 6. h4 c5 7. Bxe7 Kxe7 8. f4
Nc6 9. Nf3 a6 10. g4 Qb6 11. Na4 Qa5+ 12. c3 b5 13. Nxc5 Nxc5 14. dxc5 b4 15.
Nd4 Qxc5 16. Rh3 Bd7 17. Nxc6+ Bxc6 18. Rc1 Rhc8 19. cxb4 Qxb4+ 20. Qd2 Qe4+
21. Qe3 Qb4+ 22. Qd2 Qe4+ 23. Qe3 Qb4+ 1/2-1/2

[Event "4NCL/Div2c/PPA1 vs. KHE"]
[Site "Hinckley Island ENG"]
[Date "2009.03.22"]
[Round "8.1"]
[White "Swanson, Stephen"]
[Black "Slavin, Alexei"]
[Result "1-0"]
[WhiteElo "2244"]
[BlackElo "2261"]
[PlyCount "105"]
[EventDate "2009.03.22"]
[EventCountry "ENG"]
[SourceDate "2008.10.04"]

1. e4 e6 2. d3 c5 3. g3 Nc6 4. Bg2 g6 5. f4 Bg7 6. Nf3 Nge7 7. O-O O-O 8. Nc3
d5 9. a3 a6 10. Qe1 b5 11. Kh1 Nd4 12. Nxd4 cxd4 13. Nd1 dxe4 14. dxe4 Bb7 15.
Bd2 Rc8 16. Rc1 d3 17. cxd3 Qxd3 18. Bc3 Rfd8 19. Nf2 Bxc3 20. Rxc3 Qd4 21.
Rxc8 Nxc8 22. Qc1 Nd6 23. Qc2 Rc8 24. Qe2 Nc4 25. Re1 Qxb2 26. Qxb2 Nxb2 27.
Ng4 Nc4 28. Ra1 Nxa3 29. Rxa3 Rc1+ 30. Bf1 Rxf1+ 31. Kg2 Rc1 32. Kf2 Kf8 33. e5
b4 34. Rd3 Bd5 35. Nf6 Rc5 36. Nd7+ Ke7 37. Nxc5 Kd8 38. Ke3 a5 39. Nb7+ Kc7
40. Nxa5 Kb6 41. Nb3 Kb5 42. Kd4 Ka4 43. Nc5+ Kb5 44. Re3 Kc6 45. g4 h5 46.
gxh5 gxh5 47. Rh3 Kb5 48. Rxh5 b3 49. Nd3 Ka4 50. Kc3 Ka3 51. Nb2 Ka2 52. Rh7
Kb1 53. Rxf7 1-0

[Event "4NCL/Div2c/PPA1 vs. KHE"]
[Site "Hinckley Island ENG"]
[Date "2009.03.22"]
[Round "8.2"]
[White "McMichael, Richard"]
[Black "Posazhennikov, Alex"]
[Result "1/2-1/2"]
[WhiteElo "2285"]
[BlackElo "2253"]
[PlyCount "59"]
[EventDate "2009.03.22"]
[EventCountry "ENG"]
[SourceDate "2008.10.04"]

1. b3 d5 2. Bb2 Bf5 3. e3 e6 4. f4 Nf6 5. Nf3 Be7 6. d3 c5 7. Nbd2 Nc6 8. h3
Nh5 9. Kf2 Bh4+ 10. Nxh4 Qxh4+ 11. Kg1 d4 12. Nf3 Qg3 13. exd4 cxd4 14. Qe1
Qxf4 15. b4 Ng3 16. b5 Ne7 17. Rh2 Nxf1 18. Qxf1 e5 19. Re1 f6 20. Qf2 Be6 21.
Bxd4 Bd5 22. Be3 Qf5 23. Bc5 b6 24. Bxe7 Kxe7 25. Re3 Rhe8 26. Qe1 Bxf3 27.
Rxf3 Qd7 28. g4 Kf7 29. Rhf2 Kg8 30. Qb4 1/2-1/2

[Event "4NCL/Div2c/PPA1 vs. KHE"]
[Site "Hinckley Island ENG"]
[Date "2009.03.22"]
[Round "8.3"]
[White "Dunn, Andrew"]
[Black "Thomas, Richard H"]
[Result "1/2-1/2"]
[WhiteElo "2216"]
[BlackElo "2194"]
[PlyCount "52"]
[EventDate "2009.03.22"]
[EventCountry "ENG"]
[SourceDate "2008.10.04"]

1. d4 Nf6 2. c4 e6 3. Nf3 Bb4+ 4. Bd2 Qe7 5. g3 O-O 6. Bg2 Ne4 7. a3 Nxd2 8.
Nbxd2 Bxd2+ 9. Qxd2 d6 10. Qc3 Nd7 11. O-O e5 12. e3 e4 13. Nd2 Nf6 14. f3 exf3
15. Bxf3 c6 16. e4 Bh3 17. Rfe1 Rad8 18. b4 Qd7 19. Rad1 Rfe8 20. Nb3 Qc7 21.
Re2 Re7 22. Rde1 Rde8 23. Nc1 Bg4 24. Bxg4 Nxg4 25. Qf3 Nf6 26. Nb3 h6 1/2-1/2

[Event "4NCL/Div2c/PPA1 vs. KHE"]
[Site "Hinckley Island ENG"]
[Date "2009.03.22"]
[Round "8.4"]
[White "Kwiatkowski, Feliks J"]
[Black "Borman, Philip J"]
[Result "1/2-1/2"]
[WhiteElo "2224"]
[BlackElo "2219"]
[PlyCount "87"]
[EventDate "2009.03.22"]
[EventCountry "ENG"]
[SourceDate "2008.10.04"]

1. e4 g6 2. d4 Bg7 3. Nc3 d6 4. Be3 a6 5. Qd2 b5 6. O-O-O Nd7 7. f4 Bb7 8. a3
Ngf6 9. Bd3 Ng4 10. Nf3 Nxe3 11. Qxe3 c5 12. dxc5 Bxc3 13. bxc3 Nxc5 14. e5 O-O
15. f5 Bxf3 16. gxf3 Qa5 17. Kd2 Na4 18. e6 Nxc3 19. Qh6 Nxd1+ 20. Kxd1 Qc3 21.
exf7+ Rxf7 22. fxg6 hxg6 23. Qxg6+ Rg7 24. Qe6+ Kf8 25. Re1 Qc5 26. Qh6 Qg5 27.
Qh8+ Rg8 28. Qd4 Rg7 29. h4 Qg3 30. Qe4 Rd8 31. h5 d5 32. Qe2 Qf4 33. Bg6 Rd6
34. Qf2 e5 35. Qc5 Rgd7 36. Qc8+ Kg7 37. Bd3 Qxf3+ 38. Kc1 Qf4+ 39. Kb1 Rd8 40.
h6+ Qxh6 41. Qg4+ Kh8 42. Rxe5 Rg8 43. Qd4 Rf6 44. Rh5 1/2-1/2

[Event "4NCL/Div2c/PPA1 vs. KHE"]
[Site "Hinckley Island ENG"]
[Date "2009.03.22"]
[Round "8.5"]
[White "Byway, Paul"]
[Black "Ward, Julian T"]
[Result "1-0"]
[WhiteElo "2167"]
[BlackElo "2190"]
[PlyCount "91"]
[EventDate "2009.03.22"]
[EventCountry "ENG"]
[SourceDate "2008.10.04"]

1. Nf3 c5 2. c4 Nf6 3. g3 d5 4. Bg2 Nc6 5. O-O g6 6. cxd5 Nxd5 7. d4 cxd4 8.
Nxd4 Bg7 9. Nxc6 bxc6 10. e4 Nb4 11. Qxd8+ Kxd8 12. Nc3 Ba6 13. Rd1+ Kc7 14.
Bf4+ e5 15. Bd2 Rab8 16. Bf1 Bxf1 17. Kxf1 Nc2 18. Rac1 Nd4 19. Na4 Rb5 20. Rc5
Rhb8 21. b3 Bf8 22. Rc4 Ba3 23. Be3 Ne6 24. Bxa7 Rf8 25. Be3 f5 26. Nc3 Rbb8
27. Bh6 Rf7 28. Rd5 Bd6 29. Nb5+ Rxb5 30. Rxb5 fxe4 31. Ra5 Kb6 32. Ra6+ Kxa6
33. Rxc6+ Kb5 34. Rxd6 Nc7 35. Be3 Kb4 36. Rc6 Nd5 37. Rc4+ Ka3 38. Rxe4 Nxe3+
39. Rxe3 Kxa2 40. b4 Rb7 41. Rxe5 Rxb4 42. Re7 h5 43. Re6 Rg4 44. h3 Rg5 45. h4
Rg4 46. Kg2 1-0

[Event "4NCL/Div2c/PPA1 vs. KHE"]
[Site "Hinckley Island ENG"]
[Date "2009.03.22"]
[Round "8.6"]
[White "Forbes, Cathy"]
[Black "Jarvis, David"]
[Result "0-1"]
[WhiteElo "2114"]
[BlackElo "2160"]
[PlyCount "40"]
[EventDate "2009.03.22"]
[EventCountry "ENG"]
[SourceDate "2008.10.04"]

1. d4 e6 2. c3 f5 3. g3 Nf6 4. Bg2 Be7 5. Bg5 O-O 6. Nd2 Nc6 7. e3 Kh8 8. h4 d6
9. Ne2 Qe8 10. Nf4 e5 11. Nd3 Bd8 12. Qe2 Bd7 13. O-O-O exd4 14. cxd4 Nxd4 15.
Qe1 Ne6 16. Nf4 Bc6 17. Nxe6 Qxe6 18. Bxc6 bxc6 19. Kb1 Nd5 20. Nf3 Qe4+ 0-1

[Event "4NCL/Div2c/PPA1 vs. KHE"]
[Site "Hinckley Island ENG"]
[Date "2009.03.22"]
[Round "8.7"]
[White "Rosen, Daniel B"]
[Black "Mackenzie, Colin"]
[Result "1/2-1/2"]
[WhiteElo "2149"]
[BlackElo "2120"]
[PlyCount "24"]
[EventDate "2009.03.22"]
[EventCountry "ENG"]
[SourceDate "2008.10.04"]

1. f4 e6 2. Nf3 d5 3. e3 Nf6 4. b3 Be7 5. Bb2 O-O 6. Be2 c5 7. O-O b6 8. d3 Bb7
9. Ne5 Nfd7 10. Nd2 Nxe5 11. fxe5 Bg5 12. Rf3 Nc6 1/2-1/2

[Event "4NCL/Div2c/PPA1 vs. KHE"]
[Site "Hinckley Island ENG"]
[Date "2009.03.22"]
[Round "8.8"]
[White "Stevenson, James A B"]
[Black "Mountford, Corinne"]
[Result "1-0"]
[WhiteElo "2087"]
[BlackElo "1650"]
[PlyCount "60"]
[EventDate "2009.03.22"]
[EventCountry "ENG"]
[SourceDate "2008.10.04"]

1. e4 g6 2. d4 Bg7 3. Nc3 d6 4. Be3 a6 5. Qd2 Nd7 6. f3 b5 7. h4 h5 8. Nh3 c5
9. dxc5 dxc5 10. Ng5 Qa5 11. Rd1 b4 12. Qd5 e6 13. Qxa8 Ne7 14. Rxd7 bxc3 15.
Rxe7+ Kxe7 16. Qa7+ Bd7 17. Bxc5+ Ke8 18. Qb8+ Qd8 19. Qxd8+ Kxd8 20. b3 Kc7
21. Bc4 Be8 22. Ke2 Kd7 23. Rd1+ Kc6 24. Be7 Bf8 25. Bf6 Rg8 26. Rd8 Bb4 27.
Bxa6 Ba5 28. Rb8 Kd6 29. Bc4 Kc7 30. Be5+ Kc6 1-0

[Event "4NCL/Div2c/WES1 vs. OXF1"]
[Site "Staverton Park ENG"]
[Date "2009.05.02"]
[Round "9.1"]
[White "Simons, Martin J"]
[Black "Rose, Matthew"]
[Result "0-1"]
[WhiteElo "2225"]
[BlackElo "2259"]
[PlyCount "52"]
[EventDate "2009.05.02"]
[SourceDate "2008.10.04"]

1. e4 c5 2. Nc3 Nc6 3. f4 g6 4. Nf3 Bg7 5. Bb5 Nd4 6. O-O Nxb5 7. Nxb5 d5 8.
exd5 a6 9. Nc3 Nf6 10. d4 c4 11. Qe2 Nxd5 12. Qxc4 Be6 13. Ng5 Nb6 14. Nxe6
Nxc4 15. Nxd8 Bxd4+ 16. Kh1 Rxd8 17. Ne2 Bg7 18. c3 O-O 19. g3 f5 20. Kg2 Rd3
21. Rf3 Rfd8 22. Nd4 Rd1 23. Ne6 R8d2+ 24. Bxd2 Rxa1 25. Nxg7 Kxg7 26. Rf2 Rd1
0-1

[Event "4NCL/Div2c/WES1 vs. OXF1"]
[Site "Staverton Park ENG"]
[Date "2009.05.02"]
[Round "9.2"]
[White "Savage, Ben D"]
[Black "Lock, Gavin R"]
[Result "1-0"]
[WhiteElo "2330"]
[BlackElo "2227"]
[PlyCount "77"]
[EventDate "2009.05.02"]
[SourceDate "2008.10.04"]

1. d4 d5 2. c4 c6 3. Nf3 Nf6 4. e3 Bg4 5. Qb3 Qb6 6. Nc3 Bxf3 7. gxf3 e6 8. Bd2
Nbd7 9. f4 g6 10. Bd3 Be7 11. cxd5 cxd5 12. Qxb6 Nxb6 13. b3 Rc8 14. Ke2 a6 15.
a4 Nbd7 16. Rhc1 O-O 17. Na2 Rfd8 18. Ba5 Re8 19. f3 Ba3 20. Rcb1 Bd6 21. Bd2
Nh5 22. Rc1 f5 23. a5 Kf7 24. b4 h6 25. b5 axb5 26. Bxb5 Ke7 27. h4 Rg8 28. Be1
Ndf6 29. Rab1 Rxc1 30. Nxc1 Rc8 31. Bd3 Rc7 32. Na2 Nd7 33. Nc3 Nb8 34. Nb5 Rd7
35. Nxd6 Kxd6 36. Rb6+ Nc6 37. Bb4+ Kc7 38. Bc5 Nf6 39. Bb5 1-0

[Event "4NCL/Div2c/WES1 vs. OXF1"]
[Site "Staverton Park ENG"]
[Date "2009.05.02"]
[Round "9.3"]
[White "Rutter, Nicholas"]
[Black "Rawlinson, Aidan"]
[Result "1/2-1/2"]
[WhiteElo "2181"]
[BlackElo "2242"]
[PlyCount "56"]
[EventDate "2009.05.02"]
[SourceDate "2008.10.04"]

1. e4 c5 2. Nf3 e6 3. d4 cxd4 4. Nxd4 Nf6 5. Nc3 Nc6 6. Ndb5 d6 7. Bf4 e5 8.
Bg5 a6 9. Na3 b5 10. Bxf6 gxf6 11. Nd5 Bg7 12. c3 f5 13. exf5 Bxf5 14. Nc2 O-O
15. Nce3 Be6 16. Bd3 f5 17. O-O Kh8 18. Bc2 Ne7 19. Nxe7 Qxe7 20. Qh5 e4 21. g4
Be5 22. f4 exf3 23. Nxf5 Qa7+ 24. Rf2 Rg8 25. Nh6 Rg7 26. Bb3 Bxb3 27. axb3 Rg6
28. Kf1 Qg7 1/2-1/2

[Event "4NCL/Div2c/WES1 vs. OXF1"]
[Site "Staverton Park ENG"]
[Date "2009.05.02"]
[Round "9.4"]
[White "White, Michael J R"]
[Black "Yeo, Michael J"]
[Result "1-0"]
[WhiteElo "2265"]
[BlackElo "2147"]
[PlyCount "47"]
[EventDate "2009.05.02"]
[SourceDate "2008.10.04"]

1. e4 e5 2. d4 exd4 3. Qxd4 Nc6 4. Qe3 Nf6 5. Nc3 Bb4 6. Bd2 O-O 7. O-O-O Re8
8. Qg3 Rxe4 9. a3 Bd6 10. f4 Re8 11. Bd3 Bc5 12. Nf3 d5 13. Rde1 Ne7 14. Re5
Ng4 15. Rg5 Bf2 16. Qh3 Nf6 17. f5 h6 18. Qxh6 Ng6 19. Qh3 Ne4 20. Nxe4 dxe4
21. Rxg6 e3 22. Rxg7+ Kf8 23. Rxf7+ Kxf7 24. Qh7+ 1-0

[Event "4NCL/Div2c/WES1 vs. OXF1"]
[Site "Staverton Park ENG"]
[Date "2009.05.02"]
[Round "9.5"]
[White "Jenks, Bruce"]
[Black "Smallbone, Kieran"]
[Result "0-1"]
[WhiteElo "2201"]
[BlackElo "2235"]
[PlyCount "106"]
[EventDate "2009.05.02"]
[SourceDate "2008.10.04"]

1. d4 d5 2. Bf4 Nf6 3. e3 c5 4. c3 Nc6 5. Nd2 Bf5 6. Ngf3 Qb6 7. Nh4 Bd7 8. Qb3
h6 9. Qxb6 axb6 10. Bc7 c4 11. Bxb6 g5 12. Nhf3 Bf5 13. Be2 Nd7 14. Bc7 b5 15.
Ne5 Ndxe5 16. Bxe5 Nxe5 17. dxe5 e6 18. O-O b4 19. e4 bxc3 20. bxc3 Bxe4 21.
Bxc4 Bg7 22. Bb5+ Ke7 23. f3 Bg6 24. Rfe1 Rhc8 25. c4 Bd3 26. a4 dxc4 27. Nb3
cxb3 28. Bxd3 Rc5 29. Rab1 Rb8 30. Bb5 Rcxb5 31. axb5 Rxb5 32. Re3 b2 33. Re2
Bxe5 34. Rxe5 Rxe5 35. Rxb2 h5 36. Kf2 Ra5 37. Kg3 Ra4 38. h3 Kf6 39. Kf2 h4
40. Rc2 Kf5 41. g3 hxg3+ 42. Kxg3 e5 43. Rc3 f6 44. Rb3 e4 45. fxe4+ Rxe4 46.
Ra3 Rb4 47. Rf3+ Kg6 48. Ra3 f5 49. Rf3 f4+ 50. Kg2 Rb2+ 51. Kg1 Kh5 52. Ra3
Kh4 53. Rf3 Re2 0-1

[Event "4NCL/Div2c/WES1 vs. OXF1"]
[Site "Staverton Park ENG"]
[Date "2009.05.02"]
[Round "9.6"]
[White "Eckersley-Waites, Tom"]
[Black "Kawuma, Steven"]
[Result "1-0"]
[WhiteElo "2224"]
[BlackElo "2168"]
[PlyCount "105"]
[EventDate "2009.05.02"]
[SourceDate "2008.10.04"]

1. e4 c5 2. Nf3 Nc6 3. d4 cxd4 4. Nxd4 Nf6 5. Nc3 e5 6. Ndb5 d6 7. Bg5 a6 8.
Na3 b5 9. Nd5 Be7 10. Bxf6 Bxf6 11. c3 O-O 12. Nc2 Rb8 13. h4 Be6 14. Nxf6+
Qxf6 15. Qxd6 Rbc8 16. Qd2 Qg6 17. Qe3 f5 18. Qg5 Qf7 19. exf5 Bxf5 20. Ne3 Be6
21. Qg3 Qe7 22. a3 Rf4 23. h5 Rcf8 24. h6 g6 25. Bd3 e4 26. Bc2 Qf6 27. O-O-O
Qe5 28. Rh4 Qb8 29. Rxf4 Rxf4 30. Bxe4 Ne5 31. Rd8+ Qxd8 32. Qxf4 Nf7 33. Bc2
Qg5 34. Qb8+ Qd8 35. Qxd8+ Nxd8 36. b4 Nf7 37. Be4 Nxh6 38. Bb7 Nf7 39. Bxa6
Nd6 40. a4 bxa4 41. b5 Ne4 42. b6 Nc5 43. Bb5 a3 44. Nc4 Bd5 45. f3 Nd3+ 46.
Kb1 a2+ 47. Kxa2 Ne1 48. Ka3 Nxg2 49. Ne5 Bb7 50. c4 Kf8 51. c5 Ke7 52. c6 Bxc6
53. Nxc6+ 1-0

[Event "4NCL/Div2c/WES1 vs. OXF1"]
[Site "Staverton Park ENG"]
[Date "2009.05.02"]
[Round "9.7"]
[White "de Coverly, Roger"]
[Black "Shaw, David A"]
[Result "1/2-1/2"]
[WhiteElo "2070"]
[BlackElo "2228"]
[PlyCount "73"]
[EventDate "2009.05.02"]
[SourceDate "2008.10.04"]

1. Nf3 e6 2. g3 d5 3. Bg2 Nf6 4. O-O c5 5. d4 Nc6 6. c4 dxc4 7. Qa4 Bd7 8. Qxc4
Na5 9. Qc2 Rc8 10. Qd1 Bc6 11. Bd2 cxd4 12. Bxa5 Qxa5 13. Nxd4 Bxg2 14. Kxg2
Be7 15. Nb3 Qa6 16. Nc3 O-O 17. e3 Bb4 18. Rc1 Bxc3 19. bxc3 Rfd8 20. Qc2 Nd5
21. Qb2 Qc6 22. Kg1 Nb6 23. Nd4 Qd5 24. Qb3 Nc4 25. Rfd1 Qh5 26. Qxb7 Ne5 27.
Qg2 Rxc3 28. Rxc3 Qxd1+ 29. Qf1 Qa4 30. Qb1 g6 31. Qb3 Qxb3 32. Rxb3 Rd7 33.
Rb8+ Kg7 34. Ra8 Rb7 35. a4 Nc4 36. Nc6 Nb6 37. Rxa7 1/2-1/2

[Event "4NCL/Div2c/WES1 vs. OXF1"]
[Site "Staverton Park ENG"]
[Date "2009.05.02"]
[Round "9.8"]
[White "Tidman, Sophie"]
[Black "Moore, Gillian A"]
[Result "1-0"]
[WhiteElo "2093"]
[BlackElo "1935"]
[PlyCount "115"]
[EventDate "2009.05.02"]
[SourceDate "2008.10.04"]

1. e4 Nf6 2. e5 Nd5 3. d4 d6 4. c4 Nb6 5. exd6 exd6 6. Nc3 Be7 7. Be2 O-O 8.
Nf3 Bg4 9. b3 Re8 10. O-O N8d7 11. h3 Bh5 12. Bf4 Bf6 13. Qd2 Nf8 14. Rac1 Ne6
15. Be3 Bg6 16. b4 c6 17. d5 Bxc3 18. Rxc3 cxd5 19. cxd5 Nc7 20. Bxb6 axb6 21.
Bc4 h6 22. Rfc1 Be4 23. Qd4 b5 24. Bb3 Na6 25. Nd2 Bg6 26. Bc2 Bxc2 27. R3xc2
Qd7 28. Ne4 f5 29. Nc3 Rac8 30. a3 Rc4 31. Qd3 Rec8 32. Ne2 Rxc2 33. Rxc2 Rxc2
34. Qxc2 Nc7 35. Qd3 Qe7 36. Kf1 Qe5 37. Nc3 g6 38. g3 Kf7 39. Nxb5 Nxd5 40.
Qc4 Qe6 41. Qd4 h5 42. Qa7 Ne3+ 43. Qxe3 Qc4+ 44. Qe2 Qc1+ 45. Kg2 Qc6+ 46. Kh2
d5 47. a4 Qe6 48. Qxe6+ Kxe6 49. Kg2 Ke5 50. Kf3 d4 51. Ke2 g5 52. Kd3 h4 53.
gxh4 gxh4 54. Nxd4 f4 55. a5 Kd5 56. b5 Kc5 57. Ke4 Kc4 58. a6 1-0

[Event "4NCL/Div2c/GUI3 vs. PPA1"]
[Site "Staverton Park ENG"]
[Date "2009.05.02"]
[Round "9.1"]
[White "Povah, Nigel E"]
[Black "Swanson, Stephen"]
[Result "1/2-1/2"]
[WhiteElo "2320"]
[BlackElo "2245"]
[PlyCount "90"]
[EventDate "2009.05.02"]
[SourceDate "2008.10.04"]

1. d4 g6 2. e4 Bg7 3. Nc3 d6 4. Be3 a6 5. Nf3 Nd7 6. Qd2 b5 7. Bd3 c5 8. a4 b4
9. Ne2 Qc7 10. b3 Ngf6 11. Bh6 Bxh6 12. Qxh6 Bb7 13. d5 Ne5 14. Nxe5 dxe5 15.
O-O Qd6 16. c3 Rc8 17. cxb4 cxb4 18. Rac1 Rxc1 19. Rxc1 Qb6 20. h3 Nd7 21. Qg7
Rf8 22. Qh6 Kd8 23. Rc4 f5 24. Qd2 fxe4 25. Bxe4 a5 26. Ng3 Rf6 27. Rc2 Rf4 28.
Bf3 Rd4 29. Qh6 Nf6 30. Qf8+ Kd7 31. Qf7 e4 32. Be2 Bxd5 33. Qf8 Kd6 34. Kh2
Bxb3 35. Rc8 Bxa4 36. Rd8+ Bd7 37. Bg4 Nxg4+ 38. hxg4 e3 39. f3 Kc7 40. Qxe7
Qd6 41. Qg5 Rd5 42. Rxd7+ Kxd7 43. Qxe3 h5 44. f4 Kc6 45. Ne4 Qd8 1/2-1/2

[Event "4NCL/Div2c/GUI3 vs. PPA1"]
[Site "Staverton Park ENG"]
[Date "2009.05.02"]
[Round "9.2"]
[White "Posazhennikov, Alex"]
[Black "Thompson, Ian D"]
[Result "1-0"]
[WhiteElo "2249"]
[BlackElo "2250"]
[PlyCount "81"]
[EventDate "2009.05.02"]
[SourceDate "2008.10.04"]

1. e4 e6 2. d4 d5 3. Nc3 Bb4 4. e5 Ne7 5. a3 Bxc3+ 6. bxc3 b6 7. Bd3 Ba6 8. Ne2
Bxd3 9. Qxd3 c5 10. a4 Nbc6 11. O-O Rc8 12. Qh3 Nf5 13. Ng3 cxd4 14. Nxf5 exf5
15. Ba3 Qd7 16. Rad1 Qe6 17. Qd3 Kd7 18. Qb5 Kc7 19. a5 Nxe5 20. Rfe1 Rhe8 21.
cxd4 Qc6 22. Qa6 Nc4 23. Qxa7+ Qb7 24. axb6+ Nxb6 25. Qa5 Ra8 26. Qc3+ Qc6 27.
Bc5 g6 28. Qg3+ Kd7 29. Qh4 Re4 30. Rxe4 fxe4 31. Qe7+ Kc8 32. Qxf7 Nd7 33.
Qxh7 Nxc5 34. dxc5 Ra5 35. c4 Rxc5 36. cxd5 Qd6 37. h3 Rc7 38. Qg8+ Kd7 39.
Qf7+ Kc8 40. Qe8+ Qd8 41. Qxg6 1-0

[Event "4NCL/Div2c/GUI3 vs. PPA1"]
[Site "Staverton Park ENG"]
[Date "2009.05.02"]
[Round "9.3"]
[White "Cooksey, Paul S"]
[Black "Dunn, Andrew"]
[Result "0-1"]
[WhiteElo "2292"]
[BlackElo "2204"]
[PlyCount "94"]
[EventDate "2009.05.02"]
[SourceDate "2008.10.04"]

1. d4 d5 2. c4 e6 3. Nf3 Nf6 4. Nc3 Be7 5. Bg5 O-O 6. e3 h6 7. Bxf6 Bxf6 8.
cxd5 exd5 9. Bd3 c6 10. O-O Bg4 11. h3 Bh5 12. Rc1 Nd7 13. b4 a6 14. Na4 b5 15.
Nb2 Rc8 16. Bf5 Rc7 17. Bxd7 Qxd7 18. Nd3 Ra8 19. Nf4 Bxf3 20. Qxf3 Be7 21. Nd3
a5 22. a4 Bxb4 23. axb5 cxb5 24. Rxc7 Qxc7 25. Qxd5 Rb8 26. Rc1 Qd6 27. Qb3 Ba3
28. Ra1 b4 29. Nc5 Ra8 30. Rd1 Qc6 31. Na4 Rc8 32. d5 Qd6 33. e4 f6 34. g3 Kf8
35. Qe3 Rc7 36. Kg2 Kg8 37. Rd3 Rc2 38. Qa7 Kh7 39. Qxa5 Qe5 40. Nc5 Qb2 41.
Rf3 Qb1 42. Ne6 Rc1 43. Re3 Rg1+ 44. Kf3 Qd1+ 45. Kf4 Bc1 46. Qa7 Bxe3+ 47.
Kxe3 Rxg3+ 0-1

[Event "4NCL/Div2c/GUI3 vs. PPA1"]
[Site "Staverton Park ENG"]
[Date "2009.05.02"]
[Round "9.4"]
[White "Byway, Paul"]
[Black "Richardson, Keith B"]
[Result "1/2-1/2"]
[WhiteElo "2156"]
[BlackElo "2188"]
[PlyCount "73"]
[EventDate "2009.05.02"]
[SourceDate "2008.10.04"]

1. Nf3 g6 2. d4 Bg7 3. g3 Nf6 4. c4 O-O 5. Bg2 d6 6. O-O Nc6 7. Nc3 Bf5 8. Ne1
Qd7 9. e4 Bh3 10. Nc2 Bxg2 11. Kxg2 e5 12. d5 Ne7 13. f4 exf4 14. Bxf4 Ng4 15.
Qd2 Ne5 16. b3 c5 17. dxc6 bxc6 18. Rad1 Rad8 19. h3 f5 20. Bh6 Bxh6 21. Qxh6
fxe4 22. Nxe4 Nf5 23. Qg5 Qg7 24. Ne3 Nxe3+ 25. Qxe3 d5 26. cxd5 cxd5 27. Ng5
Rfe8 28. Qd4 h6 29. Nf3 Nxf3 30. Qxg7+ Kxg7 31. Rxf3 Re2+ 32. Rf2 Rxf2+ 33.
Kxf2 Kf6 34. Rc1 Rd6 35. Ke3 Ke5 36. Kd3 Rf6 37. Re1+ 1/2-1/2

[Event "4NCL/Div2c/GUI3 vs. PPA1"]
[Site "Staverton Park ENG"]
[Date "2009.05.02"]
[Round "9.5"]
[White "Punnett, Alan K"]
[Black "Richter, Hans"]
[Result "0-1"]
[WhiteElo "2103"]
[BlackElo "2148"]
[PlyCount "86"]
[EventDate "2009.05.02"]
[SourceDate "2008.10.04"]

1. d4 d5 2. e3 Nf6 3. Bd3 c5 4. c3 b6 5. f4 g6 6. Nf3 Bg7 7. O-O O-O 8. Nbd2
Ba6 9. Bxa6 Nxa6 10. Qe2 Qc8 11. Ne5 e6 12. c4 cxd4 13. cxd5 dxe3 14. Ndc4 Nxd5
15. Nxe3 Nab4 16. Bd2 Nxe3 17. Bxe3 Qb7 18. a3 Nd5 19. Bd4 Rac8 20. Rad1 Rc7
21. Ng4 Qc8 22. Bxg7 Kxg7 23. Rfe1 Rc6 24. Qd2 h5 25. Ne5 Rc2 26. Qd4 Qc5 27.
Qxc5 bxc5 28. Rc1 Rxb2 29. Rxc5 Nxf4 30. Re4 Nd5 31. Ra4 Rb7 32. Kf2 Rfb8 33.
Nd3 Rb3 34. Nc1 Rb2+ 35. Kf3 R8b7 36. Ra6 R2b6 37. Ra4 a6 38. Ke4 Kf6 39. Nd3
Ke7 40. Kd4 Rd6 41. Ke4 f5+ 42. Ke5 Nb6 43. Rd4 Nd7+ 0-1

[Event "4NCL/Div2c/GUI3 vs. PPA1"]
[Site "Staverton Park ENG"]
[Date "2009.05.02"]
[Round "9.6"]
[White "Jarvis, David"]
[Black "Hill, David F"]
[Result "1/2-1/2"]
[WhiteElo "2160"]
[BlackElo "2063"]
[PlyCount "66"]
[EventDate "2009.05.02"]
[SourceDate "2008.10.04"]

1. Nf3 Nf6 2. c4 b6 3. g3 c5 4. Bg2 Bb7 5. O-O e6 6. Nc3 Be7 7. Re1 O-O 8. e4
d6 9. d4 cxd4 10. Nxd4 a6 11. b3 Nbd7 12. Bb2 Re8 13. e5 dxe5 14. Nxe6 Qc8 15.
Ng5 Bxg2 16. Kxg2 b5 17. cxb5 axb5 18. Qf3 b4 19. Na4 Ra5 20. Rac1 Qa8 21. Qxa8
Rexa8 22. Nf3 Nc5 23. Nxc5 Rxc5 24. Rxc5 Bxc5 25. Rxe5 Bd6 26. Rb5 Ne4 27. Be5
Nc3 28. Rb6 Bxe5 29. Nxe5 Nxa2 30. Nc6 Nc1 31. Rxb4 g6 32. Nd4 Nd3 33. Ra4 Rb8
1/2-1/2

[Event "4NCL/Div2c/GUI3 vs. PPA1"]
[Site "Staverton Park ENG"]
[Date "2009.05.02"]
[Round "9.7"]
[White "Stimpson, Philip M"]
[Black "Rosen, Daniel B"]
[Result "1-0"]
[WhiteElo "2076"]
[BlackElo "2142"]
[PlyCount "125"]
[EventDate "2009.05.02"]
[SourceDate "2008.10.04"]

1. e4 g6 2. d4 Bg7 3. Nc3 d6 4. f4 Nf6 5. Nf3 c5 6. e5 Ng4 7. Bb5+ Bd7 8. Bxd7+
Qxd7 9. d5 dxe5 10. h3 e4 11. Nxe4 Nf6 12. Ne5 Qd8 13. Ng5 O-O 14. c4 Nbd7 15.
O-O Ne8 16. Qe2 Nd6 17. g4 Qc7 18. Bd2 a6 19. Bc3 b5 20. Nc6 Bxc3 21. Nxe7+ Kg7
22. bxc3 Rae8 23. Rae1 h6 24. Nf3 Nxc4 25. f5 Nf6 26. fxg6 fxg6 27. Qe6 Rf7 28.
g5 hxg5 29. Qxf7+ Kxf7 30. Nxg5+ Kg7 31. Ne6+ Kf7 32. Ng5+ Kg7 33. Ne6+ Kf7 34.
Nxc7 Rxe7 35. Rxe7+ Kxe7 36. Nxa6 Nxd5 37. Nxc5 Nxc3 38. Re1+ Kf7 39. Nd3 Nxa2
40. Ne5+ Nxe5 41. Rxe5 Nc3 42. Rc5 b4 43. Rc7+ Kf6 44. Kf2 Ne4+ 45. Ke3 Nd6 46.
Kf4 g5+ 47. Kg4 b3 48. Rc6 Ke5 49. Rb6 Nf7 50. Rxb3 Kf6 51. Rb6+ Kg7 52. Kf5
Kh7 53. Rb7 Kg8 54. Kg6 Ne5+ 55. Kxg5 Nf7+ 56. Kf6 Nd6 57. Rg7+ Kf8 58. Rg1
Ne8+ 59. Kg6 Ng7 60. Rf1+ Kg8 61. Ra1 Kf8 62. Ra8+ Ne8 63. h4 1-0

[Event "4NCL/Div2c/GUI3 vs. PPA1"]
[Site "Staverton Park ENG"]
[Date "2009.05.02"]
[Round "9.8"]
[White "Mountford, Corinne"]
[Black "Lalic, Peter"]
[Result "1/2-1/2"]
[WhiteElo "1645"]
[BlackElo "1905"]
[PlyCount "141"]
[EventDate "2009.05.02"]
[SourceDate "2008.10.04"]

1. d4 d5 2. Bf4 Nf6 3. e3 Bg4 4. Nf3 e6 5. Be2 c5 6. c3 Nc6 7. Nbd2 Be7 8. h3
Bh5 9. O-O O-O 10. Ne5 Bxe2 11. Qxe2 Nxe5 12. Bxe5 Nd7 13. Bh2 c4 14. e4 b5 15.
a3 a5 16. exd5 exd5 17. Rfe1 Re8 18. Qf3 Nb6 19. Nf1 b4 20. Re2 bxa3 21. bxa3
Rc8 22. Nd2 Bf8 23. Re3 Qd7 24. Rae1 Bxa3 25. Qe2 Rxe3 26. fxe3 Na4 27. Nb1 Bd6
28. Bxd6 Qxd6 29. e4 h6 30. exd5 Qxd5 31. Qc2 Qb5 32. Rc1 Qb3 33. Qd2 Nb2 34.
Qe2 Nd3 35. Rf1 Qb7 36. Qc2 Qd5 37. Rd1 Qe4 38. Nd2 Qe3+ 39. Kh2 Qf4+ 40. Kg1
Qe3+ 41. Kh2 Qf4+ 42. Kg1 Qf2+ 43. Kh2 Rc6 44. Rf1 Qe2 45. Qd1 Qxd1 46. Rxd1
Nb2 47. Rb1 Rb6 48. Ne4 a4 49. Ra1 Ra6 50. Ra3 f5 51. Nc5 Ra5 52. Kg3 g5 53.
Kf3 h5 54. Ke3 Kf7 55. Kd2 f4 56. Kc2 Nd3 57. Nxd3 cxd3+ 58. Kxd3 Ke6 59. Ke4
Ra8 60. c4 Ra7 61. c5 Ra5 62. d5+ Kf6 63. Kd4 Ke7 64. Kc4 g4 65. h4 Ra8 66. d6+
Ke6 67. Kd4 Ra5 68. Kc4 Ra8 69. Kd4 Ra5 70. Kc4 Ra8 71. Kd4 1/2-1/2